Normal view
MARC view
Entry Personal Name
001 - CONTROL NUMBER
- control field: 157498
003 - CONTROL NUMBER IDENTIFIER
- control field: OSt
005 - DATE AND TIME OF LATEST TRANSACTION
- control field: 20220923211036.0
008 - FIXED-LENGTH DATA ELEMENTS
- fixed length control field: 220923|| aca||aabn | a|a d
040 ## - CATALOGING SOURCE
- Original cataloging agency: OSt
- Transcribing agency: OSt
100 ## - HEADING--PERSONAL NAME
- Personal name: मधुकर, केहरि सिंह; सचदेव, पद्मा, अनु
670 ## - SOURCE DATA FOUND
- Source citation: Work cat.: (OSt)294393: मधुकर, केहरि सिंह; सचदेव, पद्मा, अनु., डोेला कुन्न ठप्पेआ, 1991
